Normal view
MARC view
- متاحف-مجموعات
Entry Topical Term
001 - CONTROL NUMBER
- control field: 35448
003 - CONTROL NUMBER IDENTIFIER
- control field: JO-AjAnu
005 - DATE AND TIME OF LATEST TRANSACTION
- control field: 20230606075928.0
008 - FIXED-LENGTH DATA ELEMENTS
- fixed length control field: 230606|| aca||aabn | a|a d
040 ## - CATALOGING SOURCE
- Original cataloging agency: JO-AjAnu
- Transcribing agency: JO-AjAnu
150 ## - HEADING--TOPICAL TERM
- Topical term or geographic name entry element: متاحف-مجموعات
670 ## - SOURCE DATA FOUND
- Source citation: Work cat.: (JO-AjAnu)18204: جونسون ،ئي.فيرنر ؛ هوركان، جوان سي مترجم، سعيد، ريا عثمان مترجم , author 35447, المجاميع المتحفية واساليب خزنها